000 00492nam a2200133 4500
999 _c11302
_d11302
008 181113b ||||| |||| 00| 0 eng d
082 _aDPer 050 T48 Apr-June 2016 v. 187, n. 12-24.
100 _932521
_aZacharek, Stephanie
245 _aEverybody wants some!! deserves a third exclamation mark/
_cStephanie Zacharek.
260 _aHong Kong;
_bTime Asia,
_cc2016.
300 _av187 n13, pages 39-40:
_billustrations;
_c27 cm.
650 0 _932522
_aMotion pictures industry.
942 _2ddc
_cPER